Österreich Kader EM 2020 - Statistiken

Allgemein
  • Dieses Quiz wurde 33 mal gespielt
  • Das Durchschnittsergebnis liegt bei 12 aus 27
Antwortstatistiken
Hint Antwort % Korrekt
Mittelfeldspieler David Alaba
95%
Stürmer Marko Arnautovic
91%
Torwart Alexander Schlager
82%
Mittelfeldspieler Xaver Schlager
82%
Mittelfeldspieler Konrad Laimer
73%
Trainer Franco Foda
64%
Verteidiger Stefan Lainer
59%
Verteidiger Alexsandar Dragovic
55%
Mittelfeldspieler Christoph Baumgartner
55%
Mittelfeldspieler Marcel Sabitzer
55%
Verteidiger Martin Hinteregger
55%
Stürmer Michael Gregoritsch
50%
Verteidiger Stefan Posch
50%
Stürmer Sasa Kalajdzic
45%
Torwart Daniel Bachmann
41%
Mittelfeldspieler Florian Grillitsch
41%
Mittelfeldspieler Julian Baumgartlinger
41%
Stürmer Karim Onisiwo
27%
Mittelfeldspieler Louis Schaub
27%
Verteidiger Christopher Trimmel
23%
Verteidiger Marco Friedl
23%
Verteidiger Andreas Ulmer
18%
Torwart Pavao Pervan
18%
Mittelfeldspieler Stefan Ilsanker
18%
Mittelfeldspieler Valentino Lazaro
18%
Mittelfeldspieler Alessandro Schöpf
14%
Verteidiger Phillip Lienhart
0%
Keine übereinstimmenden Quizze gefunden
Verteilung der Resultate
Anzahl Personen mit jedem Resultat
Perzentil nach korrekt beantworteten Fragen
Ihre Resultats-Entwicklung
Sie haben dieses Quiz noch nicht gespielt